Idea (Record no. 117510)

MARC details
000 -LEADER
campo de control de longitud fija 00640nam a2200205 4500
001 - NÚMERO DE CONTROL
campo de control 117510
003 - IDENTIFICADOR DE NÚMERO DE CONTROL
campo de control ES-MaACL
005 - FECHA Y HORA DE LA ÚLTIMA TRANSACCIÓN
campo de control 20230906190923.0
007 - CAMPO FIJO DE DESCRIPCIÓN FÍSICA--INFORMACIÓN GENERAL
campo de control de longitud fija t|
008 - DATOS DE LONGITUD FIJA--INFORMACIÓN GENERAL
campo de control de longitud fija 070214s1977 sp r ||||1| spa d
100 1# - ENTRADA PRINCIPAL--NOMBRE DE PERSONA
Nombre de persona Panofsky, Erwin.
9 (RLIN) 88811
245 10 - MENCIÓN DEL TÍTULO
Título Idea
Resto del título : contribución a la historia de la teoría del arte /
Mención de responsabilidad, etc. Erwin Panofsky ; traducción de María Teresa Pumarega.
260 ## - PUBLICACIÓN, DISTRIBUCIÓN, ETC.
Lugar de publicación, distribución, etc. Madrid :
Nombre del editor, distribuidor, etc. Cátedra,
Fecha de publicación, distribución, etc. 1977.
300 ## - DESCRIPCIÓN FÍSICA
Extensión 136 p. :
Otras características físicas il. ;
Dimensiones 21 cm.
490 1# - MENCIÓN DE SERIE
Mención de serie Ensayos arte
700 1# - ENTRADA AGREGADA--NOMBRE PERSONAL
Nombre de persona Pumarega, María Teresa.
9 (RLIN) 94396
830 0# - PUNTO DE ACCESO ADICIONAL DE SERIE-TÍTULO UNIFORME
Título uniforme Ensayos arte
9 (RLIN) 178883
852 ## - LOCALIZACIÓN
Ubicación ES-MaACL
Número de control de estantería A-6914
Sublocalización o colección R.96099
Holdings
Estatus retirado Estado de pérdida Estado de daño No para préstamo Biblioteca de origen Biblioteca actual Ubicación en estantería Fecha de adquisición Fuente de adquisición Total de préstamos Signatura topográfica completa Código de barras Visto por última vez Precio de reemplazo Tipo de ítem Koha
        Biblioteca del Ateneo de Madrid Biblioteca del Ateneo de Madrid Sala Pecera Planta 1 17/01/2008     A-6914 1122511 23/02/2023 23/02/2023 Libro impreso